<?xml version="1.0" encoding="UTF-8"?>
<record
    xmlns:xsi="http://www.w3.org/2001/XMLSchema-instance"
    xsi:schemaLocation="http://www.loc.gov/MARC21/slim http://www.loc.gov/standards/marcxml/schema/MARC21slim.xsd"
    xmlns="http://www.loc.gov/MARC21/slim">

  <leader>01514nam2a2200301   4500</leader>
  <controlfield tag="001">RU\NLR\bibl\931585</controlfield>
  <controlfield tag="005">20260406055602.0</controlfield>
  <datafield tag="010" ind1=" " ind2=" ">
    <subfield code="a">5-02-027034-2</subfield>
  </datafield>
  <datafield tag="021" ind1=" " ind2=" ">
    <subfield code="a">RU</subfield>
    <subfield code="b">2006-9203</subfield>
    <subfield code="9">442</subfield>
  </datafield>
  <datafield tag="035" ind1=" " ind2=" ">
    <subfield code="a">(NLR Aleph) 000919802</subfield>
  </datafield>
  <datafield tag="090" ind1=" " ind2=" ">
    <subfield code="a">92539</subfield>
    <subfield code="c">92539</subfield>
  </datafield>
  <datafield tag="100" ind1=" " ind2=" ">
    <subfield code="a">20060413d2005    |||y0rusy50      ca</subfield>
  </datafield>
  <datafield tag="101" ind1="1" ind2=" ">
    <subfield code="a">rus</subfield>
    <subfield code="c">san</subfield>
  </datafield>
  <datafield tag="102" ind1=" " ind2=" ">
    <subfield code="a">RU</subfield>
  </datafield>
  <datafield tag="105" ind1=" " ind2=" ">
    <subfield code="a">a   |||||||||</subfield>
  </datafield>
  <datafield tag="200" ind1="1" ind2=" ">
    <subfield code="a">&#x417;&#x430;&#x43A;&#x43B;&#x44E;&#x447;&#x438;&#x442;&#x435;&#x43B;&#x44C;&#x43D;&#x44B;&#x435; &#x43A;&#x43D;&#x438;&#x433;&#x438;</subfield>
    <subfield code="f">&#x43F;&#x43E;&#x434;&#x433;&#x43E;&#x442;. &#x421;.&#x418;. &#x41D;&#x435;&#x432;&#x435;&#x43B;&#x435;&#x432;&#x430; &#x438; &#x42F;.&#x412;. &#x412;&#x430;&#x441;&#x438;&#x43B;&#x44C;&#x43A;&#x43E;&#x432;</subfield>
    <subfield code="g">[&#x43E;&#x442;&#x432;. &#x440;&#x435;&#x434;. &#x418;.&#x41C;. &#x421;&#x442;&#x435;&#x431;&#x43B;&#x438;&#x43D;-&#x41A;&#x430;&#x43C;&#x435;&#x43D;&#x441;&#x43A;&#x438;&#x439;]</subfield>
  </datafield>
  <datafield tag="210" ind1=" " ind2=" ">
    <subfield code="d">2005</subfield>
    <subfield code="a">&#x411;. &#x43C;.</subfield>
  </datafield>
  <datafield tag="215" ind1=" " ind2=" ">
    <subfield code="a">234,[1] &#x441;.</subfield>
    <subfield code="c">&#x438;&#x43B;.</subfield>
  </datafield>
  <datafield tag="320" ind1=" " ind2=" ">
    <subfield code="a">&#x411;&#x438;&#x431;&#x43B;&#x438;&#x43E;&#x433;&#x440;.: &#x441;. 216-221, &#x432; &#x442;&#x435;&#x43A;&#x441;&#x442;&#x435; &#x43A;&#x43E;&#x43C;&#x43C;&#x435;&#x43D;&#x442;. &#x438; &#x432; &#x43F;&#x43E;&#x434;&#x441;&#x442;&#x440;&#x43E;&#x447;. &#x43F;&#x440;&#x438;&#x43C;&#x435;&#x447;.</subfield>
  </datafield>
  <datafield tag="320" ind1=" " ind2=" ">
    <subfield code="a">&#x423;&#x43A;&#x430;&#x437;&#x430;&#x442;&#x435;&#x43B;&#x438;: &#x438;&#x43C;&#x435;&#x43D; &#x44D;&#x43F;&#x438;&#x447;. &#x438; &#x43C;&#x438;&#x444;&#x43E;&#x43B;. &#x43F;&#x435;&#x440;&#x441;&#x43E;&#x43D;&#x430;&#x436;&#x435;&#x439;, &#x43F;&#x440;&#x435;&#x434;&#x43C;&#x435;&#x442;&#x43E;&#x432; &#x438; &#x442;&#x435;&#x440;&#x43C;&#x438;&#x43D;&#x43E;&#x432;, &#x433;&#x435;&#x43E;&#x433;&#x440;. &#x438; &#x44D;&#x442;&#x43D;. &#x43D;&#x430;&#x437;&#x432;.: &#x441;. 223-234</subfield>
  </datafield>
  <datafield tag="461" ind1=" " ind2="0">
    <subfield code="1">001RU\NLR\bibl\953426</subfield>
    <subfield code="1">2001#$a&#x41C;&#x430;&#x445;&#x430;&#x431;&#x445;&#x430;&#x440;&#x430;&#x442;&#x430;$v[&#x41A;&#x43D;. 15-18]</subfield>
    <subfield code="9">222843</subfield>
    <subfield code="c">&#x421;&#x430;&#x43D;&#x43A;&#x442;-&#x41F;&#x435;&#x442;&#x435;&#x440;&#x431;&#x443;&#x440;&#x433;</subfield>
    <subfield code="d">2005</subfield>
    <subfield code="f">[&#x420;&#x43E;&#x441;. &#x430;&#x43A;&#x430;&#x434;. &#x43D;&#x430;&#x443;&#x43A;]</subfield>
    <subfield code="n">&#x41D;&#x430;&#x443;&#x43A;&#x430;</subfield>
    <subfield code="t">&#x41C;&#x430;&#x445;&#x430;&#x431;&#x445;&#x430;&#x440;&#x430;&#x442;&#x430;</subfield>
    <subfield code="v">[&#x41A;&#x43D;. 15-18]</subfield>
  </datafield>
  <datafield tag="702" ind1=" " ind2="1">
    <subfield code="4">220</subfield>
    <subfield code="7">ca</subfield>
    <subfield code="8">rus</subfield>
    <subfield code="a">&#x41D;&#x435;&#x432;&#x435;&#x43B;&#x435;&#x432;&#x430;</subfield>
    <subfield code="b">&#x421;. &#x41B;.</subfield>
    <subfield code="f">1937-</subfield>
    <subfield code="g">&#x421;&#x432;&#x435;&#x442;&#x43B;&#x430;&#x43D;&#x430; &#x41B;&#x435;&#x43E;&#x43D;&#x438;&#x434;&#x43E;&#x432;&#x43D;&#x430;</subfield>
    <subfield code="9">181152</subfield>
    <subfield code="3">RU\NLR\AUTH\770181203</subfield>
  </datafield>
  <datafield tag="702" ind1=" " ind2="1">
    <subfield code="4">340</subfield>
    <subfield code="8">rus</subfield>
    <subfield code="7">ca</subfield>
    <subfield code="a">&#x421;&#x442;&#x435;&#x431;&#x43B;&#x438;&#x43D;-&#x41A;&#x430;&#x43C;&#x435;&#x43D;&#x441;&#x43A;&#x438;&#x439;</subfield>
    <subfield code="b">&#x418;.&#x41C;.</subfield>
    <subfield code="f">1945 -</subfield>
    <subfield code="g">&#x418;&#x432;&#x430;&#x43D; &#x41C;&#x438;&#x445;&#x430;&#x439;&#x43B;&#x43E;&#x432;&#x438;&#x447;</subfield>
    <subfield code="3">RU\NLR\auth\779943</subfield>
    <subfield code="9">119732</subfield>
  </datafield>
  <datafield tag="801" ind1=" " ind2="0">
    <subfield code="a">RU</subfield>
    <subfield code="b">NLR</subfield>
    <subfield code="c">20060413</subfield>
    <subfield code="g">rcr</subfield>
  </datafield>
  <datafield tag="801" ind1=" " ind2="1">
    <subfield code="a">RU</subfield>
    <subfield code="b">NLR</subfield>
    <subfield code="c">20060413</subfield>
  </datafield>
  <datafield tag="942" ind1=" " ind2=" ">
    <subfield code="c">BOOK</subfield>
  </datafield>
  <datafield tag="980" ind1=" " ind2=" ">
    <subfield code="a">NB</subfield>
  </datafield>
  <datafield tag="995" ind1=" " ind2=" ">
    <subfield code="5">2006-04-13</subfield>
    <subfield code="a">ad</subfield>
    <subfield code="b">NLR01</subfield>
    <subfield code="c">NLR01</subfield>
    <subfield code="e">RF31</subfield>
    <subfield code="f">1-2197155</subfield>
    <subfield code="k">63-5/115</subfield>
    <subfield code="o">0</subfield>
    <subfield code="r">BOOK</subfield>
    <subfield code="s">635115_</subfield>
  </datafield>
  <datafield tag="995" ind1=" " ind2=" ">
    <subfield code="5">2006-04-13</subfield>
    <subfield code="a">ad</subfield>
    <subfield code="b">NLR01</subfield>
    <subfield code="c">NLR01</subfield>
    <subfield code="e">RF31</subfield>
    <subfield code="f">2163341</subfield>
    <subfield code="k">63-5/115</subfield>
    <subfield code="o">0</subfield>
    <subfield code="r">BOOK</subfield>
    <subfield code="s">635115_</subfield>
  </datafield>
  <datafield tag="995" ind1=" " ind2=" ">
    <subfield code="5">2006-07-17</subfield>
    <subfield code="a">aa</subfield>
    <subfield code="b">NLR01</subfield>
    <subfield code="c">NLR01</subfield>
    <subfield code="e">OLS05</subfield>
    <subfield code="f">2228958</subfield>
    <subfield code="o">0</subfield>
    <subfield code="p">336.00</subfield>
    <subfield code="r">BOOK</subfield>
  </datafield>
  <datafield tag="995" ind1=" " ind2=" ">
    <subfield code="5">2006-11-21</subfield>
    <subfield code="a">aa</subfield>
    <subfield code="b">NLR02</subfield>
    <subfield code="c">NLR02</subfield>
    <subfield code="e">NZ2</subfield>
    <subfield code="f">1-261195</subfield>
    <subfield code="k">&#x41B;2 &#x428;6(5&#x418;&#x434;)/&#x41C;-360</subfield>
    <subfield code="o">0</subfield>
    <subfield code="p">336.00</subfield>
    <subfield code="r">BOOK</subfield>
    <subfield code="s">2_65360</subfield>
  </datafield>
  <datafield tag="995" ind1=" " ind2=" ">
    <subfield code="5">2006-11-21</subfield>
    <subfield code="a">aa</subfield>
    <subfield code="b">NLR01</subfield>
    <subfield code="c">NLR01</subfield>
    <subfield code="e">OZ2</subfield>
    <subfield code="f">1-424410</subfield>
    <subfield code="k">&#x41B;1 &#x428;6(5&#x410;-&#x42F;)/&#x41C;-360</subfield>
    <subfield code="o">0</subfield>
    <subfield code="p">336.00</subfield>
    <subfield code="r">BOOK</subfield>
    <subfield code="s">1_65360</subfield>
  </datafield>
</record>
